| 000 | 00631nam a2200193Ia 4500 | ||
|---|---|---|---|
| 003 | GCL | ||
| 008 | 140319s9999 xx 000 0 ara d | ||
| 040 |
_aGCL / _cGCL |
||
| 082 | 0 | 4 |
_a822.008 _bم ن |
| 100 | 1 | _aميللر, ارثر | |
| 245 | 1 | 0 |
_aالناشزون / _cميللر, ارثر |
| 700 | 1 | _aطه محمود طه (مراجعه) | |
| 700 | 1 | _aمحمد رجا الدرينى (ترجمةوتقديم) | |
| 300 | _a253 ص | ||
| 490 |
_aمن المسرح العالمى _v0 |
||
| 650 | 0 | 4 | _aالادب الامريكى المترجم |
| 650 | 0 | 4 | _aالمسرحيات الامريكية المترجمة |
| 942 |
_2ddc _cBK |
||
| 999 |
_c47305 _d47305 |
||